| 000 | 01072cad a22002295a 4500 | ||
|---|---|---|---|
| 001 | L153792 | ||
| 008 | 110831s20110831xxkd f s 000 0 eng d | ||
| 035 | _a(Sirsi) u153792 | ||
| 041 | 0 | _aeng | |
| 050 | 0 | 4 | _a346.4104342 $2 18 |
| 110 | 2 |
_aRoyal Institution of Chartered Surveyors _94900 |
|
| 245 | 0 | 0 |
_aRICS residential lettings survey Great Britain _bJuly 2011 _h[electronic resource] |
| 260 |
_aLondon _bRICS _c2011 |
||
| 490 | 0 |
_aRICS Residential Lettings Survey Great Britain _vJuly 2011 |
|
| 520 | _aRents continue to rise and further increases are expected. Gains in rents are driven by very strong demand and only a moderate pickup in supply. London and the South of England experience strongest growth in rents. | ||
| 590 | _aKA | ||
| 650 | 2 | 4 | _aRICS RESIDENTIAL LETTINGS SURVEY GREAT BRITAIN |
| 651 | 4 |
_aGreat Britain _y1707- |
|
| 690 | _aPROPERTY-RESIDENTIAL PROPERTY-RESIDENTIAL PROPERTY MARKET | ||
| 856 | 4 | 0 |
_uhttps://www.rics.org/Global/rics_residential_lettings_survey_july2011_0811_asn.pdf _zView the item free of charge at www.rics.org |
| 942 | _n0 | ||
| 999 |
_c112700 _d112700 |
||